MARC details
| 000 -LEADER |
| fixed length control field |
01283pam a2200397 a 4500 |
| 001 - CONTROL NUMBER |
| control field |
2877901 |
| 003 - CONTROL NUMBER IDENTIFIER |
| control field |
GZU |
| 005 - DATE AND TIME OF LATEST TRANSACTION |
| control field |
20260512100145.0 |
| 008 - FIXED-LENGTH DATA ELEMENTS--GENERAL INFORMATION |
| fixed length control field |
860325s1987 mduaf b 001 0 eng c |
| 010 ## - LIBRARY OF CONGRESS CONTROL NUMBER |
| LC control number |
86007837 |
| 020 ## - INTERNATIONAL STANDARD BOOK NUMBER |
| International Standard Book Number |
0683033808 |
| 020 ## - INTERNATIONAL STANDARD BOOK NUMBER |
| International Standard Book Number |
9780683033809 |
| 022 ## - INTERNATIONAL STANDARD SERIAL NUMBER |
| International Standard Serial Number |
. |
| 035 ## - SYSTEM CONTROL NUMBER |
| System control number |
2877901 |
| 040 ## - CATALOGING SOURCE |
| Original cataloging agency |
DNLM/DLC |
| Transcribing agency |
DLC |
| Modifying agency |
GZULib |
| Language of cataloging |
eng |
| Description conventions |
rda |
| 050 10 - LIBRARY OF CONGRESS CALL NUMBER |
| Classification number |
RC847 |
| Item number |
.RAD 1987 |
| 245 00 - TITLE STATEMENT |
| Title |
Radiology of the liver, biliary tract, pancreas, and spleen / |
| Statement of responsibility, etc. |
edited by Arnold C. Friedman. |
| 260 ## - PUBLICATION, DISTRIBUTION, ETC. |
| Place of publication, distribution, etc. |
Baltimore : |
| Name of publisher, distributor, etc. |
Williams & Wilkins, |
| Date of publication, distribution, etc. |
c1987. |
| 300 ## - PHYSICAL DESCRIPTION |
| Extent |
xxi, 1110 pages, [1] p. of plates : |
| Other physical details |
illustrations (some colour) ; |
| Dimensions |
28 cm. |
| 336 ## - CONTENT TYPE |
| Content type term |
text |
| Content type code |
txt |
| Source |
rdacontent |
| 337 ## - MEDIA TYPE |
| Media type term |
unmediated |
| Media type code |
n |
| Source |
rdamedia |
| 338 ## - CARRIER TYPE |
| Carrier type term |
volume |
| Carrier type code |
nc |
| Source |
rdacarrier |
| 490 1# - SERIES STATEMENT |
| Series statement |
Golden's diagnostic radiology |
| 504 ## - BIBLIOGRAPHY, ETC. NOTE |
| Bibliography, etc. note |
Includes bibliographies and index. |
| 505 ## - FORMATTED CONTENTS NOTE |
| Formatted contents note |
, |
| 520 ## - SUMMARY, ETC. |
| Summary, etc. |
. |
| 650 #0 - SUBJECT ADDED ENTRY--TOPICAL TERM |
| Topical term or geographic name entry element |
Digestive organs |
| General subdivision |
Radiography. |
| 650 #0 - SUBJECT ADDED ENTRY--TOPICAL TERM |
| Topical term or geographic name entry element |
Digestive organs |
| General subdivision |
Diseases |
| -- |
Diagnosis. |
| 650 #2 - SUBJECT ADDED ENTRY--TOPICAL TERM |
| Topical term or geographic name entry element |
Biliary Tract |
| General subdivision |
radiography. |
| 650 #2 - SUBJECT ADDED ENTRY--TOPICAL TERM |
| Topical term or geographic name entry element |
Liver |
| General subdivision |
radiography. |
| 650 #2 - SUBJECT ADDED ENTRY--TOPICAL TERM |
| Topical term or geographic name entry element |
Pancreas |
| General subdivision |
radiography. |
| 650 #2 - SUBJECT ADDED ENTRY--TOPICAL TERM |
| Topical term or geographic name entry element |
Spleen |
| General subdivision |
radiography. |
| 700 1# - ADDED ENTRY--PERSONAL NAME |
| Personal name |
Friedman, Arnold C. |
| Relator term |
editor |
| 830 #0 - SERIES ADDED ENTRY--UNIFORM TITLE |
| Uniform title |
Golden's diagnostic radiology series. |
| 942 ## - ADDED ENTRY ELEMENTS (KOHA) |
| Source of classification or shelving scheme |
Library of Congress Classification |
| Koha item type |
Books |
| Classification part |
847 |
| Item part |
RAD |
| Call number prefix |
RC |